[Event "Canadian op"]
[Site "Edmonton"]
[Date "2005.07.13"]
[Round "6"]
[White "Milner, Din"]
[Black "Tomaras, Ioannis"]
[Result "0-1"]
[WhiteElo "1132"]
[BlackElo "1680"]
[PlyCount "46"]
[EventDate "2005.07.09"]
[EventType "swiss"]
[EventRounds "10"]
[EventCountry "CAN"]
[SourceTitle "CBM 107 Extra"]
[Source "ChessBase"]
[SourceDate "2005.09.01"]
[SourceVersion "1"]
[SourceVersionDate "2005.09.01"]
[SourceQuality "1"]

1. e4 c5 2. Nf3 d6 3. Nc3 Nf6 4. Bc4 Nbd7 5. Ng5 Ne5 6. Nxf7 Nxf7 7. Bxf7+ Kxf7 8. 0-0 g6 9. d4 cxd4 10. Qxd4 Bg7 11. e5 dxe5 12. Qxe5 Bf5 13. Re1 Rc8 14. Bg5 Qc7 15. Bxf6 Bxf6 16. Qxc7 Rxc7 17. Nd5 Rxc2 18. Rac1 Rhc8 19. Rcd1 Rxb2 20. Nxf6 exf6 21. Rc1 Rxc1 22. Rxc1 Rb1 23. Rxb1 Bxb1 0-1

[Event "Canadian op"]
[Site "Edmonton"]
[Date "2005.07.09"]
[Round "1"]
[White "Gonzalez, Ivan1111"]
[Black "Milner, Din"]
[Result "1-0"]
[WhiteElo "1839"]
[BlackElo "1132"]
[PlyCount "53"]
[EventDate "2005.07.09"]
[EventType "swiss"]
[EventRounds "10"]
[EventCountry "CAN"]
[SourceTitle "CBM 107 Extra"]
[Source "ChessBase"]
[SourceDate "2005.09.01"]
[SourceVersion "1"]
[SourceVersionDate "2005.09.01"]
[SourceQuality "1"]

1. d4 d5 2. g3 Nf6 3. Bg2 Nc6 4. c4 dxc4 5. d5 Nb4 6. Qa4+ c6 7. Qxb4 cxd5 8. Bg5 h6 9. Bxf6 exf6 10. Qb5+ Qd7 11. Qxd7+ Bxd7 12. Bxd5 0-0-0 13. Nf3 Bb4+ 14. Nc3 Rhe8 15. Bxc4 Bc6 16. 0-0 Bxc3 17. bxc3 b5 18. Bxf7 Re7 19. Nd4 Red7 20. Nxc6 Rxf7 21. Nxd8 Kxd8 22. Rad1+ Kc8 23. Rd5 Rc7 24. Rd3 g5 25. Rfd1 a5 26. Rd8+ Kb7 27. R8d7 1-0